[Event "Cearense-ch 69th"]
[Site "Fortaleza"]
[Date "2000.10.15"]
[Round "8"]
[White "Rodrigues, Francisco Helio"]
[Black "Rubim, Americo"]
[Result "0-1"]
[WhiteElo "1817"]
[BlackElo "1800"]
[PlyCount "92"]
[EventDate "2000.??.??"]
[EventType "swiss"]
[EventRounds "9"]
[EventCountry "BRA"]
[SourceTitle "EXT 2003"]
[Source "ChessBase"]
[SourceDate "2002.11.25"]
[SourceVersion "1"]
[SourceVersionDate "2002.11.25"]
[SourceQuality "1"]

1. e4 c6 2. Nf3 d5 3. e5 Bf5 4. d4 e6 5. Bd2 c5 6. c3 Nc6 7. Be2 Nge7 8. dxc5 Ng6 9. Qa4 Bxc5 10. b4 Bb6 11. Be3 Bxe3 12. fxe3 0-0 13. Qd1 Ngxe5 14. Nbd2 Ng4 15. Nf1 Qb6 16. Qd2 Nf6 17. Ng3 Ne4 18. Nxe4 dxe4 19. Nh4 Rfd8 20. Qc1 Ne5 21. 0-0 Bg4 22. Bxg4 Nxg4 23. g3 Nxe3 24. Kh1 Nxf1 25. Qxf1 Rd2 26. Qf4 Qf2 27. Qxf2 Rxf2 28. Rd1 e3 29. Kg1 Rd2 30. Re1 Rd3 31. Ng2 Rc8 32. Nxe3 Rcxc3 33. Kf2 Rxe3 34. Rxe3 Rxe3 35. Kxe3 Kf8 36. Kd4 Ke7 37. a4 Kd6 38. b5 f5 39. a5 h5 40. h4 e5+ 41. Kc4 b6 42. axb6 axb6 43. Kb4 Kd5 44. Kc3 Kc5 45. Kb3 Kd4 46. Kb4 e4 0-1